| 000 | 01104nam0a2200301 4500 | ||
|---|---|---|---|
| 001 | RU\NLR\BIBL_A\010733959 | ||
| 005 | 20250614092310.0 | ||
| 010 |
_a978-5-298-02783-0 _92000 |
||
| 021 |
_aRU _b2015-8266 _9516 |
||
| 035 | _a(NLR Aleph) 010733959 | ||
| 090 |
_a9874444 _c9874444 |
||
| 100 | _a20150420d2014 |||y0rusy50 ca | ||
| 101 | 0 | _atat | |
| 102 | _aRU | ||
| 105 | _ac z 000 y | ||
| 200 | 1 |
_aКырлай кызы Айсылу _eпьесалар _fАльберт Гадел |
|
| 210 |
_aКазан _cТатар. кит. нәшр. _d2014 |
||
| 215 |
_a324,[3] б. _cпортр. _d21 |
||
| 300 | _aВ вып. дан. авт.: Гадель Альберт (Гадельшин Альберт Сафиуллович). | ||
| 541 | 1 |
_6z01790 _aАйсылу из Кырлая _e[пьесы]. _zrus |
|
| 686 | 1 | _aШ6(2=Тат)7-6 | |
| 686 | 1 | _aШ9(2)6=Татар-6 | |
| 700 | 1 |
_aГадел _bА. _f1939- _gАльберт _4070 |
|
| 790 | 1 |
_6z01541 _aГадель _bА. _f1939- _gАльберт _4070 |
|
| 852 |
_aNLR _bОНЛ _jТатар./3-14569 |
||
| 942 | _cBOOK | ||
| 980 | _aNB | ||